| 000 | 00586nam a2200205 a 4500 | ||
|---|---|---|---|
| 001 | 000024392 | ||
| 005 | 20200930022951.0 | ||
| 008 | 110126s2001 gd 000 f spa d | ||
| 020 | _a8495805014 | ||
| 040 |
_aDO-SdBNP _bspa _cBNPHU |
||
| 082 |
_a863.64 _bP912m |
||
| 100 | 1 |
_aPrat, Isidro, _d1951- _950022 |
|
| 245 | 1 | 0 |
_aMediterráneo asesino / _cIsidro Prat. |
| 260 |
_aArmilla, (Granada) : _bEdiciones Osuna, _c2001. |
||
| 300 |
_a115 p. ; _c24 cm. |
||
| 650 | 4 |
_aNovela española _91123 |
|
| 650 | 4 |
_aLiteratura española _9632 |
|
| 650 | 4 |
_aNovela amorosa _913334 |
|
| 049 | _aBNRG | ||
| 999 |
_c23885 _d23885 |
||